| LEADER 00000nama 2200000uu 4500 |
| 001 197301 |
| 003 ULIBM |
| 008 040531s|||| th m m a000 0 tha d |
| 020 978-974-9897-88-1 |
| 041 tha |
| 050 WS100 พ7912 2550 |
| 100 สุชาดา ศรีทิพวรรณ |
| 245 Pediatrics : Self Sufficiency and Optimal Child Care / บรรณาธิการ สุชาดา ศรีทิพวรรณ,ชิษณุ พันธุ์เจริญ และอุษา ทิสยากร. |
| 260 กรุงเทพฯ ธนาเพลส. 2550. |
| 300 200 หน้า. |
| 500 เนื่องในวโรกาสมหามงคลเฉลิมพระชนมพรรษา 80 พรรษา และครบรอบ 60 ปี คณะแพทยศาสตร์ จุฬาลงกรณ์มหาวิทยาลัย. |
| 650 1. เด็ก,โรค--การรักษา--การประชุม. 2. เด็ก,โรค--การวินิจฉัย--การประชุม. 3. กุมารเวชศาสตร์--การประชุม. |
| 995 001 |